Géographie: Guyane - Statistiques

Statistiques générales
  • Ce quiz a été pris 59 fois
  • Le résultat moyen est 12 sur 20
Statistiques - réponses
Questions Réponses % Correct
Quelles sont les 5 plus grandes villes de la Guyane ? Cayenne
92%
De quels pays la Guyane est-elle frontalière ? Brésil
90%
Quel est le numéro de département de la Guyane ? 973
86%
Kourou
80%
Suriname
80%
Saint-Laurent du Maroni
78%
Comment a été appelé l'ensemble d'établissements de camps et de pénitenciers, ouverts de 1795 jusqu'à 1953 ? Le Bagne
68%
Quels sont les deux fleuves servant de "frontière naturelle" à ces deux pays ? Maroni
60%
Dans le bassin versant de quel grand fleuve, le Sud de la Guyane se situe-t-elle ? Amazone
56%
Quelle est la seule région française qui est plus grande que la Guyane ? Nouvelle Aquitaine
56%
Quelle construction a été bâtie en 2017, à l'initiative des Etats français et brésilien ? Pont de l'amitié
54%
Dans quelle île Alfred Dreyfus a-t-il été envoyé, suite à sa condamnation ? Ile du Diable
52%
Matoury
52%
Quel immense complexe technologique est installé dans la ville de Kourou ? Centre Spatial Guyanais
50%
Quel espace constitue la majorité de l'espace guadeloupéen ? Forêt
48%
Remire-Montjoly
44%
Oyapock
40%
Quel personnage de Victor Hugo a été envoyé dans ce type d'établissements, à Toulon ? Jean Valjean
36%
En quelle année a-t-elle connu sa départementalisation ? 1946
34%
1/3 de la population Guyanaise est _______. Etrangère
16%
Aucun quiz correspondant
Distribution des résultats
% des personnes avec chaque résultat
Percentile par nombre de réponses
Votre historique - résultats
Vous n’avez pas pris ce quiz